Glass Onion (2022): Cast by Picture - Statistics

General Stats
  • This quiz has been taken 17 times
  • The average score is 6 of 12
Answer Stats
Picture Hint Answer % Correct
Benoit Blanc Daniel Craig
100%
Miles Bron Edward Norton
94%
Duke Cody Dave Bautista
88%
Phillip Blanc Hugh Grant
88%
Efficient Man Ethan Hawke
56%
Claire Debella Kathryn Hahn
50%
Helen Brand | Andi Brand Janelle Monáe
38%
Birdie Jay Kate Hudson
31%
Whiskey Madelyn Cline
31%
Lionel Toussaint Leslie Odom Jr.
25%
Ma Jackie Hoffman
19%
Peg Jessica Henwick
13%
No matching quizzes found
Score Distribution
Percent of People with Each Score
Percentile by Number Answered
Your Score History
You have not taken this quiz